Central Library OPAC University of Rajshahi

গীতিবীথিকা / (Record no. 50220)

MARC details
000 -LEADER
fixed length control field 00936nam a22002537a 4500
001 - CONTROL NUMBER
control field 50220
003 - CONTROL NUMBER IDENTIFIER
rucl marc code BD-RjUL
005 - DATE AND TIME OF LATEST TRANSACTION
control field 20211209075457.0
008 - FIXED-LENGTH DATA ELEMENTS--GENERAL INFORMATION
fixed length control field 160824r20001975b ||||| |||| 00| 0 eng d
020 ## - INTERNATIONAL STANDARD BOOK NUMBER
International Standard Book Number 9788175220461(V.34)
International Standard Book Number 9788175220218(set).
035 ## - SYSTEM CONTROL NUMBER
System control number (BD-RjUL)50340
040 ## - CATALOGING SOURCE
Original cataloging agency BD-RjUL
Language of cataloging ben
Transcribing agency BD-RjUL
041 ## - LANGUAGE CODE
Language code of text/sound track or separate title ben
082 ## - DEWEY DECIMAL CLASSIFICATION NUMBER
Edition number 23
Classification number 781.1
Author mark and year TAG 2000
100 1# - MAIN ENTRY--PERSONAL NAME
Personal name ঠাকুর, রবীন্দ্রনাথ
9 (RLIN) 150529
245 10 - TITLE STATEMENT
Title গীতিবীথিকা /
Statement of responsibility, etc. রবীন্দ্রনাথ ঠাকুর
260 ## - PUBLICATION, DISTRIBUTION, ETC. (IMPRINT)
Place of publication, distribution, etc. কলকাতা :
Name of publisher, distributor, etc. বিশ্বভারতী গ্রন্থবিভগ,
Date of publication, distribution, etc. ২০০০.
300 ## - PHYSICAL DESCRIPTION
Pagination ৭২ পৃ ;
Size ২৭ সেমি.
490 ## - SERIES STATEMENT
Series statement স্বরবিতান ৩৪ সিরিজ
650 ## - SUBJECT ADDED ENTRY--TOPICAL TERM
Topical term or geographic name as entry element সঙ্গীতের মূলনীতি
9 (RLIN) 150489
Topical term or geographic name as entry element Basic Principles of Music
9 (RLIN) 150469
942 ## - ADDED ENTRY ELEMENTS (KOHA)
Source of classification or shelving scheme Dewey Decimal Classification
Koha item type Books
Holdings
Lost status Source of classification or shelving scheme Damaged status Not for loan Collection code Permanent Location Current Location Shelving location Date acquired Source of acquisition Cost, normal purchase price Total Checkouts Full call number Date last seen Date checked out Copy number Koha item type
  Dewey Decimal Classification     Non-fiction Central Library, University of Rajshahi Central Library, University of Rajshahi   31/05/2011 Paragon Enterprise Lit., Dhaka 3451.00 1 B 781.1 TAG 2000 19/09/2018 03/09/2018 C-2 Books